| Registos Bibliográficos associados ao registo de autoridade |
|
Etiqueta de registo: 01017cam 02200289 04500 001 1051275 003 http://id.bnportugal.gov.pt/bib/catbnp/1051275 005 20020313121300.0 010 ## $a972-8338-29-5 021 ## $aPT$b157403/00 100 ## $a20010320d2000 m y0pory0103 ba 101 0# $apor$aeng 102 ## $aPT 105 ## $aa b 001yy 106 ## $ar 200 1# $aProjecto Mnemosyne$dThe Mnemosyne project$f[org.] Encontros de Fotografia$gcord. Isabel Corte Real$gtrad. Garry Paul Mullender, José Gabriel Flores, Matthew Partridge$zeng 210 #9 $aCoimbra$cEncontros de Fotografia,$dD.L. 2000 305 ## $aEd. bilíngue em port. e inglês 510 1# $aThe Mnemosyne project 675 ## $a025.85$vBN$zpor$3349236 702 #1 $aCorte Real,$bIsabel,$f1945-$4340$335354 702 #1 $aMullender,$bGarry$4730$31670014 702 #1 $aFlores,$bJosé Gabriel$4730$3127243 702 #1 $aPatridge,$bMatthew$4730$3995447 710 12 $aEncontros de Fotografia,$eCoimbra,$f2000$3159936 966 ## $lBN$mFGMON$sB.A. 19579 V.$x1 966 ## $lBN$mFGMON$sB.A. 19579 V.$x1
Etiqueta de registo: 00000nam 2200025 450 001 1954487 003 http://id.bnportugal.gov.pt/bib/catbnp/1954487 100 ## $a20170125d2014 k y0pory01030103ba 101 0# $aeng$dpor 102 ## $aPT 105 ## $ay m 000yy 106 ## $ar 200 1# $a The importance of interpreting during the portuguese discoveries in Afica and Asia$fGarry Mullender$gorient. Fernanda Gil Costa, Ivana Cenková 210 #9 $aLisboa$c[s.n.],$d2014 215 ## $aXII, 237, [2] p.$d30 cm 328 #1 $aTese dout. Estudos Comparatistas (História da Tradução), Faculdade de Letras, Universidade
de Lisboa, 2014 675 ## $a811.134.3'253-051(5+6)"14/15"(043)$vBN$zpor$31677513 675 ## $a316.66(043)$vBN$zpor$3969551 675 ## $a272-789.5-9(5+6)"14/15"(043)$vBN$zpor$31677514 700 #1 $aMullender,$bGarry$31670014 702 #1 $aCosta,$bFernanda Gil,$f1952-$4727$338722 702 #1 $aCenková,$bIvana$4727$31670015 801 #0 $aPT$bBN$gRPC 900 ## $aBIBNAC$d20170407 966 ## $lBN$mFGMON$sL. 139655 V.$x1
Etiqueta de registo: 00254nam 2200025 450 001 2288755 003 http://id.bnportugal.gov.pt/bib/catbnp/2288755 010 ## $a978-989-36328-8-8 021 ## $aPT$b5633777/26 100 ## $a20260624d2016 m a0pory0103 ba 101 0# $aporeng$aeng 102 ## $aPT 105 ## $aa b 000yy 106 ## $ar 200 1# $eMais alto$ftextos Margarida Correia, Irene Pimentel, João Pinharanda$ged., coord. Nuno Ferreira de Carvalho$gtrad. Per Christopher Foster, Garry Mullender 205 ## $a1ª ed 210 #9 $aLisboa$cFundação EDP,$dcop. 2026 215 ## $a61, [3] p.$cil.$d25 cm 305 ## $aEd. bilingue português e inglês 700 #1 $92$aCorreia,$bMargarida,$f1972-$31263975 701 #1 $aPimentel,$bIrene,$f1950-$4070$3272792 701 #1 $aPinharanda,$bJoão,$f1957-$4070$366560 702 #1 $95$aCarvalho,$bNuno$4340$31555754 702 #1 $aFoster,$bChristopher$4730$3372676 702 #1 $aMullender,$bGarry$4730$31670014 801 #0 $aPT$bBN$gRPC 966 ## $lBN$mFGMON$x1 966 ## $lBN$mFGMON$x1 971 ## $cjbeatriz$d20260624
|
|
|